La vida de Mahoma

Uloženo v:
Podrobná bibliografie
Hlavní autor: Gheorghiu, Constantin Virgil (Autor)
Médium: Kniha
Jazyk:španělština
Vydáno: Barcelona Luis de Caralt 1963
Edice:Grandes Figuras
Témata:
Tagy: Přidat tag
Žádné tagy, Buďte první, kdo vytvoří štítek k tomuto záznamu!

MARC

LEADER 00000nam a2200000 a 4500
001 UCL5106
003 CL-VaPUC
008 040305e19631200SP |||||||||||||||||spa|d
082 0 4 |a 297.63  |b GHE  |2 21 
100 |a Gheorghiu, Constantin Virgil  |e author  |9 570416 
245 1 3 |a La vida de Mahoma 
300 |a 430 p 
942 |c BK 
945 |d 20040305 00:00:00  |a vberengu 
260 |a Barcelona  |b Luis de Caralt  |c 1963 
600 0 |a Mahoma,  |d 570-632  |9 482781 
650 0 |a Islamismo  |9 314084 
583 |a last modification  |c 20040305 00:00:00  |k Rodrigo Vera 
490 0 |a Grandes Figuras 
999 |c 307775  |d 307773 
952 |0 0  |1 0  |4 0  |6 297_630000000000000_GHE_1963  |7 0  |8 A  |9 373891  |a BIBTEO  |b BIBTEO  |d 2019-11-21  |i 2104113  |o 297.63 GHE 1963  |p 2104113  |r 2025-01-17  |w 2019-11-21  |y BK  |k ICR